Statistiques concernant Chelsea FC - Effectif 2020/2021

Cliquez ici pour prendre le quiz!

Statistiques générales

  • Ce quiz a été pris 141 fois
  • Le résultat moyen est 16 sur 25

Statistiques - réponses

PosteNuméroJoueur% Correct
G16Edouard Mendy
93%
M7N'Golo Kanté
93%
M29Kai Havertz
89%
G1Kepa Arrizabalaga
84%
D6Thiago Silva
82%
D2Antonio Rüdiger
81%
M5Jorginho
80%
M19Mason Mount
79%
A18Olivier Giroud
79%
A11Timo Werner
79%
D28César Azpilicueta
78%
D24Reece James
72%
A10Christian Pulisic
70%
D4Andreas Christensen
61%
M17Mateo Kovacic
61%
M22Hakim Ziyech
57%
D3Marcos Alonso
56%
A9Tammy Abraham
55%
D21Ben Chilwell
54%
D15Kurt Zouma
53%
G13Willy Caballero
49%
A20Callum Hudson-Odoi
45%
D33Emerson Palmieri
36%
M23Billy Gilmour
25%
A-Charly Musonda Jr
6%

Distribution des résultats

Percentile par nombre de réponses

% des personnes avec chaque résultat

Votre développement - résultats

Vous n’avez pas pris ce quiz